[Event "Titled Tuesday intern op 27th Jun Early"]
[Site "Chess.com INT"]
[Date "2023.06.27"]
[Round "1"]
[White "Erdogmus, Yagiz Kaan"]
[Black "Srebrnic, Marko"]
[Result "1-0"]
[WhiteElo "2475"]
[BlackElo "2366"]
[PlyCount "117"]
[EventDate "2023.06.27"]
[EventType "swiss (blitz)"]
[EventRounds "11"]
[EventCountry "USA"]
[SourceTitle "EXT 2024"]
[Source "ChessBase"]
[SourceDate "2023.10.10"]
[SourceVersion "1"]
[SourceVersionDate "2023.10.10"]
[SourceQuality "1"]

1. e4 c5 2. Nf3 Nc6 3. d4 cxd4 4. Nxd4 e5 5. Nb5 d6 6. c4 Be7 7. N1c3 a6 8. Na3 Be6 9. Nc2 Bg5 10. Bxg5 Qxg5 11. Nd5 Bxd5 12. cxd5 Nd4 13. Nxd4 exd4 14. Qa4+ Ke7 15. Qxd4 Nf6 16. g3 Nd7 17. Be2 Rac8 18. f4 Qf6 19. Qd2 Rc5 20. 0-0 Rhc8 21. Bd1 Rc4 22. e5 dxe5 23. fxe5 Qb6+ 24. Kh1 f6 25. Bb3 Nxe5 26. Bxc4 Rxc4 27. Rad1 Kd6 28. b3 Rc5 29. Qd4 Qb5 30. Qe4 h6 31. Kg1 Rc3 32. Qf5 Qc5+ 33. Rf2 Rc1 34. Qe6+ Kc7 35. d6+ Kb8 36. Rxc1 Qxc1+ 37. Kg2 Qc6+ 38. Kh3 Nd7 39. Qe8+ Ka7 40. Qe3+ b6 41. Rd2 Qb5 42. Kg2 Qc6+ 43. Kf2 Qb5 44. Qe6 Qc5+ 45. Ke2 Qc6 46. Qd5 Qc3 47. Qc4 Qe5+ 48. Kd1 Qc5 49. Qxc5 bxc5 50. Re2 Kb6 51. Re7 Kc6 52. Rxg7 Kxd6 53. Rh7 Ke6 54. Rxh6 Ne5 55. Rh7 Nc6 56. Rb7 Kd6 57. Rb6 Kd5 58. Rxc6 f5 59. Rxa6 1-0

[Event "Titled Tuesday intern op 06th Jun Early"]
[Site "Chess.com INT"]
[Date "2023.06.06"]
[Round "4"]
[White "Kukhmazov, Arsen"]
[Black "Srebrnic, Marko"]
[Result "1-0"]
[WhiteElo "2502"]
[BlackElo "2366"]
[PlyCount "73"]
[EventDate "2023.06.06"]
[EventType "swiss (blitz)"]
[EventRounds "11"]
[EventCountry "USA"]
[SourceTitle "EXT 2024"]
[Source "ChessBase"]
[SourceDate "2023.10.10"]
[SourceVersion "1"]
[SourceVersionDate "2023.10.10"]
[SourceQuality "1"]

1. d4 Nf6 2. c4 d6 3. Nf3 g6 4. g3 Bg7 5. Bg2 0-0 6. 0-0 Nbd7 7. Nc3 a6 8. e4 e5 9. dxe5 dxe5 10. Be3 Re8 11. h3 Bf8 12. Qe2 Nc5 13. Rfd1 Bd7 14. Nd2 Qc8 15. Kh2 a5 16. Nb3 Nxb3 17. axb3 c6 18. Na4 Ra6 19. Qd2 Be6 20. Nc5 Bxc5 21. Bxc5 b5 22. Rxa5 bxc4 23. b4 Nd7 24. Be3 Qb7 25. Bf1 Rb8 26. Rxa6 Qxa6 27. b3 Nb6 28. Qd6 Re8 29. Qxc6 Rb8 30. b5 Qa2 31. Bxb6 cxb3 32. Be3 b2 33. Qd6 Rc8 34. Qxe5 b1Q 35. Rxb1 Qxb1 36. Bh6 f6 37. Qxe6+ 1-0

[Event "Titled Tuesday intern op 06th Jun Early"]
[Site "Chess.com INT"]
[Date "2023.06.06"]
[Round "7"]
[White "Srebrnic, Marko"]
[Black "Cardozo, D Cesar G"]
[Result "1-0"]
[WhiteElo "2366"]
[BlackElo "2043"]
[PlyCount "77"]
[EventDate "2023.06.06"]
[EventType "swiss (blitz)"]
[EventRounds "11"]
[EventCountry "USA"]
[SourceTitle "EXT 2024"]
[Source "ChessBase"]
[SourceDate "2023.10.10"]
[SourceVersion "1"]
[SourceVersionDate "2023.10.10"]
[SourceQuality "1"]

1. e4 e6 2. d4 d5 3. Nc3 Nf6 4. Bg5 Be7 5. e5 Nfd7 6. Bxe7 Qxe7 7. f4 0-0 8. Nf3 c5 9. dxc5 Qxc5 10. Qd2 a6 11. Bd3 b5 12. 0-0-0 b4 13. Ne2 a5 14. Ned4 Ba6 15. Kb1 Bxd3 16. cxd3 Nc6 17. Rc1 Nxd4 18. Rxc5 Nxf3 19. gxf3 Nxc5 20. d4 Nd7 21. Rc1 Rfc8 22. Rxc8+ Rxc8 23. Qd3 Rc4 24. b3 Rc3 25. Qb5 Nf8 26. Qxa5 Rxf3 27. Qxb4 Rxf4 28. a4 Rf1+ 29. Kc2 Rf2+ 30. Kb1 Rf1+ 31. Ka2 Rf2+ 32. Ka3 Rxh2 33. a5 Rh1 34. Qc3 g5 35. a6 h5 36. a7 Kg7 37. a8Q g4 38. Qd8 Ng6 39. Qf6+ 1-0

[Event "Titled Tuesday intern op 06th Jun Early"]
[Site "Chess.com INT"]
[Date "2023.06.06"]
[Round "3"]
[White "Srebrnic, Marko"]
[Black "Yanayt, Eugene"]
[Result "1-0"]
[WhiteElo "2366"]
[BlackElo "2060"]
[PlyCount "97"]
[EventDate "2023.06.06"]
[EventType "swiss (blitz)"]
[EventRounds "11"]
[EventCountry "USA"]
[SourceTitle "EXT 2024"]
[Source "ChessBase"]
[SourceDate "2023.10.10"]
[SourceVersion "1"]
[SourceVersionDate "2023.10.10"]
[SourceQuality "1"]

1. e4 c5 2. Nf3 d6 3. g3 Nc6 4. Bg2 Nf6 5. Qe2 Bg4 6. c3 Ne5 7. h3 Bxf3 8. Bxf3 c4 9. 0-0 Qc8 10. Bg2 h6 11. Na3 Nd3 12. b3 Nxc1 13. Raxc1 cxb3 14. axb3 g6 15. e5 dxe5 16. Qxe5 Bg7 17. Qb5+ Qd7 18. Qxd7+ Kxd7 19. d4 Rab8 20. c4 a6 21. Rfe1 Rhc8 22. d5 Ne8 23. c5 Bb2 24. c6+ Kd8 25. Nc4 Bxc1 26. Rxc1 bxc6 27. dxc6 Rxb3 28. Rd1+ Nd6 29. Nxd6 exd6 30. Rxd6+ Ke8 31. Rd7 Ra8 32. Bd5 Rb1+ 33. Kg2 f5 34. Bf7+ Kf8 35. Bxg6 Rbb8 36. Bxf5 Rc8 37. c7 Ke8 38. Rh7 a5 39. Rh8+ Ke7 40. Rxc8 Rxc8 41. Bxc8 Kd6 42. Be6 Kxc7 43. Ba2 Kd6 44. f4 Kc5 45. Kf3 Kb4 46. g4 Ka3 47. Be6 Kb4 48. g5 hxg5 49. fxg5 1-0

[Event "Titled Tuesday intern op 30th May Early"]
[Site "Chess.com INT"]
[Date "2023.05.30"]
[Round "2"]
[White "Lohani, Sujana"]
[Black "Srebrnic, Marko"]
[Result "0-1"]
[WhiteElo "1754"]
[BlackElo "2366"]
[PlyCount "70"]
[EventDate "2023.05.30"]
[EventType "swiss (blitz)"]
[EventRounds "11"]
[EventCountry "USA"]
[SourceTitle "CBM 214 Extra"]
[Source "ChessBase"]
[SourceDate "2023.07.31"]
[SourceVersion "1"]
[SourceVersionDate "2023.07.31"]
[SourceQuality "1"]

1. d4 Nf6 2. Nf3 d6 3. g3 b5 4. Bg2 Bb7 5. 0-0 h6 6. a4 b4 7. c4 g5 8. a5 a6 9. Qa4+ Bc6 10. Qxb4 e6 11. Nc3 Be7 12. Rd1 0-0 13. d5 exd5 14. cxd5 Bd7 15. Qb7 c5 16. Qxa8 Qc7 17. Ne5 dxe5 18. d6 Bxd6 19. Qf3 Kg7 20. Ne4 Nxe4 21. Qxe4 Bc6 22. Qf5 Bxg2 23. Kxg2 Qe7 24. h4 f6 25. Qd3 Bc7 26. hxg5 hxg5 27. Rh1 e4 28. Qe3 Nc6 29. Bd2 Nd4 30. Bc3 Rd8 31. Rh2 Kg6 32. Rah1 Nf5 33. Qc1 e3 34. f3 Bxg3 35. Rh7 Qxh7 0-1

[Event "Titled Tuesday intern op 30th May Early"]
[Site "Chess.com INT"]
[Date "2023.05.30"]
[Round "6"]
[White "Srebrnic, Marko"]
[Black "Golubev, Mikhail"]
[Result "1/2-1/2"]
[WhiteElo "2366"]
[BlackElo "2461"]
[PlyCount "194"]
[EventDate "2023.05.30"]
[EventType "swiss (blitz)"]
[EventRounds "11"]
[EventCountry "USA"]
[SourceTitle "CBM 214 Extra"]
[Source "ChessBase"]
[SourceDate "2023.07.31"]
[SourceVersion "1"]
[SourceVersionDate "2023.07.31"]
[SourceQuality "1"]

1. e4 c5 2. Nf3 d6 3. g3 Nf6 4. Qe2 Nc6 5. c3 e5 6. Bg2 Be7 7. 0-0 0-0 8. Na3 Re8 9. Nc2 Be6 10. d4 exd4 11. cxd4 cxd4 12. Ncxd4 Nxd4 13. Nxd4 Bg4 14. f3 Bd7 15. Be3 Rc8 16. Rac1 Qa5 17. a3 h6 18. Rfd1 Bf8 19. Rxc8 Rxc8 20. Qd3 Re8 21. b4 Qh5 22. Bf4 g5 23. g4 Qg6 24. Bg3 h5 25. h3 hxg4 26. hxg4 d5 27. e5 Qxd3 28. Rxd3 Nh7 29. Nf5 Bc6 30. Bf1 f6 31. b5 Bxb5 32. Rxd5 Bxf1 33. Kxf1 Re6 34. Rd7 fxe5 35. Rxb7 e4 36. Kf2 exf3 37. Kxf3 Ra6 38. a4 Rxa4 39. Be5 Ra3+ 40. Kf2 Ra2+ 41. Ke3 Ra3+ 42. Ke2 Ra2+ 43. Kf3 Ra3+ 44. Ke4 Ra4+ 45. Kd5 Ra5+ 46. Ke6 Ra6+ 47. Kd7 Nf6+ 48. Bxf6 Rxf6 49. Ke8 Re6+ 50. Kd8 Rf6 51. Rxa7 Bc5 52. Rd7 Rf8+ 53. Kc7 Ba3 54. Rg7+ Kh8 55. Rxg5 Rf7+ 56. Kc6 Bc1 57. Rh5+ Rh7 58. Kd5 Rxh5 59. gxh5 Kh7 60. Ke6 Bg5 61. Kf7 Bh6 62. Ke6 Bf4 63. Kf6 Bd2 64. Ke6 Bf4 65. Kd5 Bd2 66. Kc4 Bf4 67. Kd3 Bg5 68. Ke4 Bd2 69. Kf3 Bc1 70. Kg4 Bh6 71. Kh3 Bc1 72. Kg2 Bh6 73. Kf2 Bc1 74. Ke2 Bh6 75. Kd3 Bg5 76. Kc3 Bh6 77. Kd4 Bg5 78. Ke5 Bh6 79. Kf6 Bc1 80. Kf7 Bb2 81. Ke6 Bc1 82. Ke5 Bb2+ 83. Ke4 Bc1 84. Kf3 Bg5 85. Kg4 Bc1 86. Ne7 Bd2 87. Ng6 Bc1 88. Ne5 Bd2 89. Nf3 Bc1 90. Nd4 Be3 91. Nf5 Bc1 92. Nd6 Bd2 93. Ne4 Bc1 94. Nf6+ Kg7 95. Nd5 Bd2 96. Ne7 Kh7 97. Nf5 Bc1 1/2-1/2

[Event "Titled Tuesday intern op 16th May Early"]
[Site "Chess.com INT"]
[Date "2023.05.16"]
[Round "3"]
[White "Lenaerts, Lennert"]
[Black "Srebrnic, Marko"]
[Result "1-0"]
[WhiteElo "2360"]
[BlackElo "2366"]
[PlyCount "57"]
[EventDate "2023.05.16"]
[EventType "swiss (blitz)"]
[EventRounds "11"]
[EventCountry "USA"]
[SourceTitle "CBM 214 Extra"]
[Source "ChessBase"]
[SourceDate "2023.07.31"]
[SourceVersion "1"]
[SourceVersionDate "2023.07.31"]
[SourceQuality "1"]

1. d4 Nf6 2. c4 d6 3. Nc3 Bf5 4. f3 e5 5. d5 e4 6. h4 h5 7. Bg5 Be7 8. Qb3 Qc8 9. Nh3 0-0 10. Nf2 exf3 11. gxf3 Nbd7 12. e4 Nc5 13. Qc2 Bh7 14. Bh3 Qd8 15. b4 Na6 16. a3 c6 17. Rg1 Kh8 18. dxc6 bxc6 19. Rd1 Qe8 20. Kf1 Rd8 21. Qa4 Nb8 22. Qxa7 d5 23. cxd5 cxd5 24. exd5 Nc6 25. dxc6 Qxc6 26. Qxe7 Rde8 27. Qc5 Qxf3 28. Bg2 Qg3 29. Bc6 1-0

[Event "Titled Tuesday intern op 16th May Early"]
[Site "Chess.com INT"]
[Date "2023.05.16"]
[Round "1"]
[White "Srebrnic, Marko"]
[Black "Boyer, Mahel"]
[Result "0-1"]
[WhiteElo "2366"]
[BlackElo "2489"]
[PlyCount "114"]
[EventDate "2023.05.16"]
[EventType "swiss (blitz)"]
[EventRounds "11"]
[EventCountry "USA"]
[SourceTitle "CBM 214 Extra"]
[Source "ChessBase"]
[SourceDate "2023.07.31"]
[SourceVersion "1"]
[SourceVersionDate "2023.07.31"]
[SourceQuality "1"]

1. e4 Nc6 2. Nf3 d5 3. Nc3 dxe4 4. Nxe4 f5 5. Nc3 e5 6. Bb5 e4 7. Ne5 Qd6 8. d4 a6 9. Bxc6+ bxc6 10. Bf4 Qe6 11. d5 cxd5 12. Nxd5 Bd6 13. Qd4 Nf6 14. Qa4+ Bd7 15. Nxd7 Qxd7 16. Nxf6+ gxf6 17. Qxd7+ Kxd7 18. 0-0-0 Ke6 19. Be3 f4 20. Bd4 Rhg8 21. g3 f3 22. c4 Rad8 23. Kc2 Be5 24. Be3 h5 25. Rxd8 Rxd8 26. h3 f5 27. Re1 h4 28. gxh4 Rh8 29. Bg5 Bf6 30. Rg1 Bxg5 31. hxg5 Rxh3 32. g6 Rh8 33. b4 Kf6 34. g7 Rg8 35. a4 Rxg7 36. Rxg7 Kxg7 37. b5 e3 38. bxa6 exf2 39. a7 f1Q 40. a8Q Qxc4+ 41. Kb2 Qd4+ 42. Kc2 Qc4+ 43. Kd2 Qe2+ 44. Kc3 f2 45. Qg2+ Kf6 46. Qc6+ Qe6 47. Qf3 Qe1+ 48. Kd4 f1Q 49. Qc6+ Qe6 50. Qc3 Qf4+ 51. Kd3+ Kg5 52. Qg7+ Qg6 53. Qe7+ Kh5 54. Qh4+ Qxh4 55. a5 Qgg3+ 56. Ke2 Qhh2+ 57. Kf1 Qgg1# 0-1

[Event "Titled Tuesday intern op 16th May Early"]
[Site "Chess.com INT"]
[Date "2023.05.16"]
[Round "4"]
[White "Srebrnic, Marko"]
[Black "Glashausser, Sho"]
[Result "1-0"]
[WhiteElo "2366"]
[BlackElo "1978"]
[PlyCount "45"]
[EventDate "2023.05.16"]
[EventType "swiss (blitz)"]
[EventRounds "11"]
[EventCountry "USA"]
[SourceTitle "CBM 214 Extra"]
[Source "ChessBase"]
[SourceDate "2023.07.31"]
[SourceVersion "1"]
[SourceVersionDate "2023.07.31"]
[SourceQuality "1"]

1. e4 e6 2. d4 d5 3. Nc3 Be7 4. g3 Nf6 5. f3 dxe4 6. fxe4 e5 7. d5 Bb4 8. Bg5 Nbd7 9. Nf3 0-0 10. Bh3 h6 11. Bxf6 Nxf6 12. Bxc8 Qxc8 13. Qe2 Qg4 14. Nd2 c6 15. dxc6 bxc6 16. Qxg4 Nxg4 17. Ke2 Bxc3 18. bxc3 Rab8 19. Rab1 f6 20. h3 Rxb1 21. Rxb1 f5 22. hxg4 fxg4 23. Rb7 1-0

[Event "Titled Tuesday intern op 16th May Early"]
[Site "Chess.com INT"]
[Date "2023.05.16"]
[Round "6"]
[White "Srebrnic, Marko"]
[Black "Lisjak, Zlatko"]
[Result "1-0"]
[WhiteElo "2366"]
[BlackElo "2215"]
[PlyCount "79"]
[EventDate "2023.05.16"]
[EventType "swiss (blitz)"]
[EventRounds "11"]
[EventCountry "USA"]
[SourceTitle "CBM 214 Extra"]
[Source "ChessBase"]
[SourceDate "2023.07.31"]
[SourceVersion "1"]
[SourceVersionDate "2023.07.31"]
[SourceQuality "1"]

1. e4 d6 2. d4 Nf6 3. Nc3 c6 4. f4 Qa5 5. Bd3 e5 6. dxe5 dxe5 7. fxe5 Ng4 8. Nf3 Nd7 9. 0-0 Qc5+ 10. Kh1 Nf2+ 11. Rxf2 Qxf2 12. Bf4 b5 13. Ne2 Bc5 14. Ng3 Be3 15. Bxe3 Qxe3 16. Nf5 Qc5 17. Nxg7+ Kf8 18. Nh5 Nxe5 19. Nxe5 Qxe5 20. Qf3 Be6 21. Rf1 Rg8 22. Nf6 Rg7 23. h3 Rd8 24. g4 a6 25. b4 c5 26. bxc5 Qxc5 27. Nh5 Rg6 28. Nf6 Qe5 29. Nh5 Rd7 30. Qe3 Qd4 31. Qf4 h6 32. Qb8+ Rd8 33. Qc7 Qe3 34. Kg2 Re8 35. Qd6+ Re7 36. Qd8+ Re8 37. Qd6+ Re7 38. Nf6 Qg5 39. Qd8+ Kg7 40. Qg8# 1-0

[Event "Titled Tuesday intern op 02nd May Early"]
[Site "Chess.com INT"]
[Date "2023.05.02"]
[Round "4"]
[White "Charmier, Gregory"]
[Black "Srebrnic, Marko"]
[Result "0-1"]
[WhiteElo "2131"]
[BlackElo "2366"]
[PlyCount "98"]
[EventDate "2023.05.02"]
[EventType "swiss (blitz)"]
[EventRounds "11"]
[EventCountry "USA"]
[SourceTitle "EXT 2024"]
[Source "ChessBase"]
[SourceDate "2023.10.10"]
[SourceVersion "1"]
[SourceVersionDate "2023.10.10"]
[SourceQuality "1"]

1. d4 Nf6 2. Bf4 e6 3. Nf3 b6 4. e3 Bb7 5. Nbd2 c5 6. Nc4 d6 7. dxc5 e5 8. Bg5 bxc5 9. Nfxe5 dxe5 10. Qxd8+ Kxd8 11. 0-0-0+ Ke8 12. Nxe5 Nc6 13. Bb5 Rc8 14. Rd3 Ne4 15. Nxc6 Nxg5 16. Nxa7+ Ke7 17. Nxc8+ Bxc8 18. Rhd1 Ne4 19. Rd8 Be6 20. Ra8 Nd6 21. Ba4 g6 22. Kb1 h5 23. f3 h4 24. e4 Nc4 25. Bb3 Bg7 26. Rxh8 Bxh8 27. Bxc4 Bxc4 28. b3 Be6 29. a4 Bc3 30. Ka2 g5 31. Kb1 f6 32. Rd3 Ba5 33. Kb2 Bc7 34. c3 Bxh2 35. b4 Bd6 36. b5 Bc7 37. Ka3 Bc4 38. Rd2 Bf1 39. Rb2 Ba5 40. b6 Bxb6 41. Rxb6 Bxg2 42. Rb7+ Kd6 43. a5 h3 44. a6 Bxf3 45. Rh7 Bxe4 46. a7 g4 47. Rh8 f5 48. Ka4 f4 49. Kb5 f3 0-1

[Event "Titled Tuesday intern op 02nd May Early"]
[Site "Chess.com INT"]
[Date "2023.05.02"]
[Round "9"]
[White "Delorme, Alban"]
[Black "Srebrnic, Marko"]
[Result "0-1"]
[WhiteElo "2298"]
[BlackElo "2366"]
[PlyCount "98"]
[EventDate "2023.05.02"]
[EventType "swiss (blitz)"]
[EventRounds "11"]
[EventCountry "USA"]
[SourceTitle "EXT 2024"]
[Source "ChessBase"]
[SourceDate "2023.10.10"]
[SourceVersion "1"]
[SourceVersionDate "2023.10.10"]
[SourceQuality "1"]

1. e4 c5 2. Nf3 Nc6 3. d4 cxd4 4. Nxd4 e5 5. Nb5 d6 6. c4 Be7 7. Bd3 Be6 8. 0-0 Rc8 9. Be3 a6 10. N5c3 Bg5 11. Qe2 Bxe3 12. Qxe3 Nge7 13. Nd2 0-0 14. Nd5 Nd4 15. Rac1 f5 16. Nf3 Nxf3+ 17. Qxf3 Bxd5 18. cxd5 f4 19. Qg4 Rf6 20. Bc4 b5 21. Bb3 a5 22. a4 b4 23. Bc4 Rg6 24. Qh3 Rc5 25. Bb5 Qc7 26. Rxc5 dxc5 27. b3 Nc8 28. Bd7 Nd6 29. Be6+ Kh8 30. Rc1 c4 31. bxc4 Qc5 32. Qh4 Rf6 33. Qg5 f3 34. g3 Nxe4 35. Qe3 Qxe3 36. fxe3 f2+ 37. Kg2 b3 38. c5 Nxc5 39. d6 f1Q+ 40. Rxf1 Rxf1 41. d7 Nxe6 42. Kxf1 b2 43. d8Q+ Nxd8 44. Kg2 b1Q 45. Kf3 Qc2 46. e4 Ne6 47. Kg4 Qf2 48. Kh3 h5 49. Kh4 Qxh2# 0-1

[Event "Titled Tuesday intern op 02nd May Early"]
[Site "Chess.com INT"]
[Date "2023.05.02"]
[Round "3"]
[White "Korchmar, Vasiliy"]
[Black "Srebrnic, Marko"]
[Result "1-0"]
[WhiteElo "2438"]
[BlackElo "2366"]
[PlyCount "47"]
[EventDate "2023.05.02"]
[EventType "swiss (blitz)"]
[EventRounds "11"]
[EventCountry "USA"]
[SourceTitle "EXT 2024"]
[Source "ChessBase"]
[SourceDate "2023.10.10"]
[SourceVersion "1"]
[SourceVersionDate "2023.10.10"]
[SourceQuality "1"]

1. e4 c5 2. Nf3 Nc6 3. d4 cxd4 4. Nxd4 e5 5. Nb5 d6 6. c4 Be7 7. Bd3 Be6 8. 0-0 Rc8 9. N1c3 a6 10. Na3 Bg5 11. Nd5 Bxc1 12. Rxc1 Nge7 13. Qb3 b5 14. cxb5 Nd4 15. Qa4 Nxd5 16. Rxc8 Qxc8 17. exd5 Bxd5 18. bxa6+ Bc6 19. Qb4 Qg4 20. Qb8+ Kd7 21. Qa7+ Ke6 22. f3 Nxf3+ 23. Kh1 Nh4 24. Qxf7# 1-0

[Event "Titled Tuesday intern op 02nd May Early"]
[Site "Chess.com INT"]
[Date "2023.05.02"]
[Round "11"]
[White "Mendez Fortes, Eduardo Jesus"]
[Black "Srebrnic, Marko"]
[Result "1-0"]
[WhiteElo "2250"]
[BlackElo "2366"]
[PlyCount "55"]
[EventDate "2023.05.02"]
[EventType "swiss (blitz)"]
[EventRounds "11"]
[EventCountry "USA"]
[SourceTitle "EXT 2024"]
[Source "ChessBase"]
[SourceDate "2023.10.10"]
[SourceVersion "1"]
[SourceVersionDate "2023.10.10"]
[SourceQuality "1"]

1. e4 c5 2. Nf3 Nc6 3. d4 cxd4 4. Nxd4 e5 5. Nb5 d6 6. N1c3 a6 7. Na3 Be7 8. Nc4 b5 9. Ne3 Bb7 10. g3 h5 11. Bg2 h4 12. Ncd5 Nf6 13. gxh4 Nd4 14. Nxe7 Qxe7 15. c3 Bxe4 16. Bxe4 Nxe4 17. cxd4 Qxh4 18. Qf3 d5 19. Nxd5 0-0-0 20. Ne3 exd4 21. Nf5 Qf6 22. 0-0 Rhe8 23. Kg2 Re5 24. Ng3 Qe6 25. Bf4 Nxg3 26. Bxg3 Rc5 27. Rac1 Rdd5 28. b4 1-0

[Event "Titled Tuesday intern op 02nd May Early"]
[Site "Chess.com INT"]
[Date "2023.05.02"]
[Round "8"]
[White "Srebrnic, Marko"]
[Black "Girish, A Koushnik"]
[Result "0-1"]
[WhiteElo "2366"]
[BlackElo "2498"]
[PlyCount "118"]
[EventDate "2023.05.02"]
[EventType "swiss (blitz)"]
[EventRounds "11"]
[EventCountry "USA"]
[SourceTitle "EXT 2024"]
[Source "ChessBase"]
[SourceDate "2023.10.10"]
[SourceVersion "1"]
[SourceVersionDate "2023.10.10"]
[SourceQuality "1"]

1. e4 e5 2. Nc3 Nf6 3. Bc4 Nc6 4. d3 Na5 5. Qf3 Nxc4 6. dxc4 Bb4 7. Nge2 0-0 8. Bg5 Be7 9. 0-0-0 d6 10. c5 Be6 11. h3 b6 12. cxd6 cxd6 13. Ng3 g6 14. Qd3 Rc8 15. Bxf6 Bxf6 16. Qxd6 Bg5+ 17. Kb1 Qf6 18. Rhf1 Rc5 19. Nd5 Qg7 20. Ne7+ Kh8 21. c3 h5 22. Ne2 Re8 23. Nc6 a5 24. f4 exf4 25. Nxf4 Bc4 26. Rf2 Rxe4 27. g3 Kh7 28. Ne7 Bxe7 29. Qd2 Rce5 30. h4 Bc5 31. Rg2 Be3 32. Qd8 Bxf4 33. gxf4 Re2 34. Rxe2 Rxe2 35. Qxb6 a4 36. Qd4 Qxd4 37. Rxd4 Re4 38. Rxe4 Bd3+ 39. Kc1 Bxe4 40. b4 axb3 41. axb3 Kg7 42. Kd2 Kf6 43. Ke3 Bc2 44. b4 Ke6 45. c4 Bb3 46. Kd4 f6 47. b5 Ba4 48. Kc5 g5 49. b6 Kd7 50. fxg5 fxg5 51. hxg5 h4 52. g6 Bc2 53. g7 Bh7 54. Kb5 Kc8 55. c5 h3 56. c6 h2 57. Ka6 h1Q 58. b7+ Kc7 59. Ka7 Qa1# 0-1

[Event "Titled Tuesday intern op 7th Mar Early"]
[Site "Chess.com INT"]
[Date "2023.03.07"]
[Round "3"]
[White "Papasimakopoulos, Alexandros"]
[Black "Srebrnic, Marko"]
[Result "1-0"]
[WhiteElo "2356"]
[BlackElo "2366"]
[PlyCount "47"]
[EventDate "2023.03.07"]
[EventType "swiss (blitz)"]
[EventRounds "11"]
[EventCountry "USA"]
[SourceTitle "EXT 2024"]
[Source "ChessBase"]
[SourceDate "2023.10.10"]
[SourceVersion "1"]
[SourceVersionDate "2023.10.10"]
[SourceQuality "1"]

1. d4 Nf6 2. c4 d6 3. Nc3 Bf5 4. h3 h5 5. Nf3 h4 6. Bg5 Ne4 7. Bxh4 Nxc3 8. bxc3 c5 9. e3 Qa5 10. Qd2 Nc6 11. Bd3 Bxd3 12. Qxd3 cxd4 13. exd4 e5 14. 0-0 f6 15. Qg6+ Kd7 16. c5 Ne7 17. Qf7 e4 18. cxd6 exf3 19. dxe7 Bxe7 20. Rfe1 Rae8 21. Qe6+ Kd8 22. Rab1 b6 23. Bg3 Rh5 24. Qc6 1-0

[Event "Titled Tuesday intern op 28th Feb Early"]
[Site "Chess.com INT"]
[Date "2023.02.28"]
[Round "6"]
[White "Al Tarbosh, Ward"]
[Black "Srebrnic, Marko"]
[Result "1-0"]
[WhiteElo "2256"]
[BlackElo "2366"]
[PlyCount "95"]
[EventDate "2023.02.28"]
[EventType "swiss (blitz)"]
[EventRounds "11"]
[EventCountry "USA"]
[SourceTitle "CBM 213 Extra"]
[Source "ChessBase"]
[SourceDate "2023.05.31"]
[SourceVersion "1"]
[SourceVersionDate "2023.05.31"]
[SourceQuality "1"]

1. e4 c5 2. Nf3 e6 3. d4 cxd4 4. Nxd4 a6 5. Bd3 Qc7 6. 0-0 Nf6 7. c4 Nc6 8. Nxc6 bxc6 9. Nc3 e5 10. f4 Bc5+ 11. Kh1 d6 12. f5 h5 13. Bg5 Ng4 14. Qf3 Rb8 15. Na4 Bd4 16. f6 g6 17. Rab1 Qa5 18. b3 Bd7 19. Qe2 c5 20. h3 Kd8 21. g3 Kc7 22. hxg4 Bxg4 23. Qd2 Qxd2 24. Bxd2 h4 25. Kg2 hxg3 26. Rh1 Rh2+ 27. Rxh2 gxh2 28. Kxh2 Rh8+ 29. Kg3 Bd7 30. Kg2 Bh3+ 31. Kf3 Bd7 32. Bf1 Rh1 33. Nc3 Kc6 34. Bg2 Rh4 35. Nd5 a5 36. Rh1 Rg4 37. Bh3 Rg1 38. Bxd7+ Kxd7 39. Rxg1 Bxg1 40. Bxa5 Ke6 41. Bd2 Bd4 42. Kg4 Bb2 43. a4 Kd7 44. a5 Kc6 45. a6 Bd4 46. Kg5 Bf2 47. Kh6 Be1 48. Bxe1 1-0

[Event "Titled Tuesday intern op 28th Feb Early"]
[Site "Chess.com INT"]
[Date "2023.02.28"]
[Round "7"]
[White "Srebrnic, Marko"]
[Black "Martynov, Pavel"]
[Result "0-1"]
[WhiteElo "2366"]
[BlackElo "2414"]
[PlyCount "64"]
[EventDate "2023.02.28"]
[EventType "swiss (blitz)"]
[EventRounds "11"]
[EventCountry "USA"]
[SourceTitle "CBM 213 Extra"]
[Source "ChessBase"]
[SourceDate "2023.05.31"]
[SourceVersion "1"]
[SourceVersionDate "2023.05.31"]
[SourceQuality "1"]

1. e4 c5 2. Nf3 e6 3. d4 cxd4 4. Nxd4 Nc6 5. Nc3 Qc7 6. Be2 a6 7. 0-0 Nf6 8. Nxc6 bxc6 9. f4 d5 10. e5 Nd7 11. f5 Nxe5 12. fxe6 Bxe6 13. Bf4 Bd6 14. Kh1 h5 15. Qd4 Rb8 16. Rad1 Rb4 17. Bxe5 Rxd4 18. Bxd4 Bxh2 19. Rd3 h4 20. Na4 h3 21. g4 Be5 22. c3 Bxd4 23. cxd4 Qe7 24. Nc5 Bc8 25. Rff3 Kf8 26. Rde3 Qg5 27. Bxa6 Bxg4 28. Rg3 Qf5 29. Bd3 Qf2 30. a4 h2 31. a5 Rh3 32. Rxg4 Rxe3 0-1

[Event "Titled Tuesday intern op 21st Feb Early"]
[Site "Chess.com INT"]
[Date "2023.02.21"]
[Round "2"]
[White "Kiselev, Pavel"]
[Black "Srebrnic, Marko"]
[Result "1-0"]
[WhiteElo "2245"]
[BlackElo "2366"]
[PlyCount "35"]
[EventDate "2023.02.21"]
[EventType "swiss (blitz)"]
[EventRounds "11"]
[EventCountry "USA"]
[SourceTitle "CBM 212 Extra"]
[Source "ChessBase"]
[SourceDate "2023.03.31"]
[SourceVersion "1"]
[SourceVersionDate "2023.03.31"]
[SourceQuality "1"]

1. Nf3 Nf6 2. d4 g6 3. c4 d6 4. Nc3 Bf5 5. Bg5 Ne4 6. Nxe4 Bxe4 7. e3 c5 8. Be2 cxd4 9. exd4 Bxf3 10. Bxf3 Qb6 11. Qd2 Nc6 12. Be3 d5 13. c5 Qd8 14. 0-0 Bg7 15. b4 a6 16. a4 e5 17. dxe5 Nxe5 18. Bxd5 1-0

[Event "Titled Tuesday intern op 14th Feb Early"]
[Site "Chess.com INT"]
[Date "2023.02.14"]
[Round "2"]
[White "Srebrnic, Marko"]
[Black "Bongo Akanga Ndjila, Barthelemy"]
[Result "1-0"]
[WhiteElo "2366"]
[BlackElo "1824"]
[PlyCount "55"]
[EventDate "2023.02.14"]
[EventType "swiss (blitz)"]
[EventRounds "11"]
[EventCountry "USA"]
[SourceTitle "CBM 212 Extra"]
[Source "ChessBase"]
[SourceDate "2023.03.31"]
[SourceVersion "1"]
[SourceVersionDate "2023.03.31"]
[SourceQuality "1"]

1. e4 e5 2. Nc3 Nc6 3. Bc4 Nf6 4. d3 Bc5 5. f4 0-0 6. Nf3 d6 7. f5 Nd7 8. Bg5 Qe8 9. Nd5 Nb6 10. Nxc7 Qd7 11. Nxa8 Nxc4 12. dxc4 f6 13. Bh4 Nd4 14. Bf2 b6 15. c3 Nc6 16. Bxc5 bxc5 17. Qd5+ Kh8 18. 0-0-0 Bb7 19. Qxd6 Qxd6 20. Rxd6 Bxa8 21. Rhd1 Na5 22. Nd2 Kg8 23. b3 Kf7 24. Rd7+ Kg8 25. Rxa7 Nc6 26. Rc7 Na5 27. Rxc5 Rd8 28. Rxa5 1-0